000 00289nam a22001337a 4500
020 _a978-0470218181
041 _aENG
100 _aMatthews .G.A
245 _aPesticide Application Methods
260 _aLondon .
_bLongman
_c1997
300 _a335
650 _aFMP
856 _uFMP (23 )
999 _c1370
_d1370